000 00647nam a22002177a 4500
003 OSt
005 20140310181929.0
008 130722t xxu||||| |||| 00| 0 eng d
020 _a9780385737272
050 _aPS 586.3
_b.R282 2005
082 _aTR 811.5408
_bR22 2005
245 _aRead a rhyme, write a rhyme /
260 _aNew York :
_bAlfred A. Knopf : Distributed by Random House,
_c2005.
300 _a23 p.
_bcol. : ill. ;
_c28 cm.
521 _aFaculty
541 _j1
562 _e1
650 _aChildrens poetry, American.
_92609
650 _aPoetry
_xAuthorship
_xJuvenile literature
_92610
942 _2lcc
_cBK-TR
_kTR
999 _c7303
_d7303